00322nam a2200121Ia 4500008004100000041000800041082001200049100001600061245004100077260004400118300003100162365000700193240624s9999 xx 000 0 und d aeng a657 SIN aSINGHVI N M aMANAGEMENT ACCOUNTING TEXT AND CASES c2006aNew DelhibPrentice-Hall of India axii, : 498 : p. : cm. ; 24 cRS